000 00241nam a22001097a 4500
008 160510b xxu||||| |||| 00| 0 eng d
020 _a0878915095
041 _aeng
080 _a54
245 _aChemistry:
_cA. Lamont Tyler;
942 _2udc
_cBK
999 _c1944
_d1944